Sociological perspectives (Minor1)/ (Record no. 12216)

MARC details
000 -LEADER
fixed length control field 00607nam a22002057a 4500
005 - DATE AND TIME OF LATEST TRANSACTION
control field 20250902085544.0
008 - FIXED-LENGTH DATA ELEMENTS--GENERAL INFORMATION
fixed length control field 250902b |||||||| |||| 00| 0 eng d
020 ## - INTERNATIONAL STANDARD BOOK NUMBER
International Standard Book Number 9788196174569
040 ## - CATALOGING SOURCE
Original cataloging agency IN-DiNC
Transcribing agency IN-DiNC
041 ## - LANGUAGE CODE
Language code of sung or spoken text English
082 ## - DEWEY DECIMAL CLASSIFICATION NUMBER
Classification number 301
Item number SLA
100 ## - MAIN ENTRY--PERSONAL NAME
Personal name Slariya, Mohinder Kumar
Relator term Author
245 ## - TITLE STATEMENT
Title Sociological perspectives (Minor1)/
Statement of responsibility, etc. By Mohinder Kumar Slariya and Abhishiant Slariya
250 ## - EDITION STATEMENT
Edition statement 1st ed.
260 ## - PUBLICATION, DISTRIBUTION, ETC.
Place of publication, distribution, etc. Dibrugarh:
Name of publisher, distributor, etc. Mahaveer publications,
Date of publication, distribution, etc. 2023
300 ## - PHYSICAL DESCRIPTION
Extent 166p.
650 ## - SUBJECT ADDED ENTRY--TOPICAL TERM
Topical term or geographic name entry element Sociological perspective
700 ## - ADDED ENTRY--PERSONAL NAME
Personal name Slariya, Abhishiant
Relator term Author
942 ## - ADDED ENTRY ELEMENTS (KOHA)
Source of classification or shelving scheme Dewey Decimal Classification
Koha item type Books
Holdings
Withdrawn status Lost status Source of classification or shelving scheme Damaged status Not for loan Collection code Home library Current library Shelving location Date acquired Cost, normal purchase price Total Checkouts Full call number Barcode Date last seen Copy number Price effective from Koha item type
    Dewey Decimal Classification     Sociology Central Library, Naharkatiya College Central Library, Naharkatiya College General Stacks 02/09/2025 200.00   301 SLA 30964 02/09/2025 1 02/09/2025 Books
    Dewey Decimal Classification     Sociology Central Library, Naharkatiya College Central Library, Naharkatiya College General Stacks 02/09/2025 200.00   301 SLA 30965 02/09/2025 2 02/09/2025 Books
    Dewey Decimal Classification     Sociology Central Library, Naharkatiya College Central Library, Naharkatiya College General Stacks 02/09/2025 200.00   301 SLA 30966 02/09/2025 3 02/09/2025 Books

Naharkatiya College © 2020. All rights reserved.

Powered By